MAAJHI JANMATHEP MARATHI (Record no. 30174)

MARC details
000 -LEADER
fixed length control field 00360nam a2200145Ia 4500
008 - FIXED-LENGTH DATA ELEMENTS--GENERAL INFORMATION
fixed length control field 240624s9999 xx 000 0 und d
041 ## - LANGUAGE CODE
Language code of text/sound track or separate title eng
082 ## - DEWEY DECIMAL CLASSIFICATION NUMBER
Classification number 891.46 SAW
100 ## - MAIN ENTRY--PERSONAL NAME
Personal name SAVARKAR VINAYAK DAMODAR
245 ## - TITLE STATEMENT
Title MAAJHI JANMATHEP MARATHI
250 ## - EDITION STATEMENT
Edition statement (18th ed.)
260 ## - PUBLICATION, DISTRIBUTION, ETC.
Date of publication, distribution, etc. 2011
Place of publication, distribution, etc. Mumbai
Name of publisher, distributor, etc. Parchure Prakashan
300 ## - PHYSICAL DESCRIPTION
Extent 488 p.
365 ## - TRADE PRICE
Currency code RS
Price amount 25
Holdings
Withdrawn status Lost status Damaged status Not for loan Home library Current library Shelving location Date acquired Cost, normal purchase price Total Checkouts Full call number Barcode Date last seen Copy number Price effective from Koha item type
        IMTN IMTN Rack 43-A 12/22/2017 250.00   891.46 SAW 30174 06/24/2024 1 06/24/2024 Books
Designed & Maintained by: LRC IMT Nagpur Contact: lrc@imtnag.ac.in© 2024. All Rights Reserved.